Catálogo - Centro de Recursos para el Aprendizaje y la Investigación

Volver al Sitio - CRAI Biblioteca

Historia militar de Santo Domingo : (Registro nro. 113865)

Detalles MARC
000 -CABECERA
campo de control de longitud fija 02453nam a2200301 4500
001 - NÚMERO DE CONTROL
campo de control 113865
003 - IDENTIFICADOR DEL NÚMERO DE CONTROL
campo de control DR-UNIBE
005 - FECHA Y HORA DE LA ÚLTIMA TRANSACCIÓN
campo de control 20250711133343.0
008 - DATOS DE LONGITUD FIJA--INFORMACIÓN GENERAL
campo de control de longitud fija 250711b2014 dr ||||| |||| 00| 0 spa d
020 ## - NÚMERO INTERNACIONAL ESTÁNDAR DEL LIBRO
Número Internacional Estándar del Libro 9789945457483
040 ## - FUENTE DE LA CATALOGACIÓN
Centro catalogador/agencia de origen BIBLIOTECA UNIBE
Centro/agencia transcriptor BIBLIOTECA UNIBE
Lengua de catalogación spa
041 ## - CÓDIGO DE LENGUA
Código de lengua del texto/banda sonora o título independiente spa
082 ## - NÚMERO DE LA CLASIFICACIÓN DECIMAL DEWEY
Número de edición 22
Número de clasificación RD 355.0097293 U92h
100 1# - ENTRADA PRINCIPAL--NOMBRE DE PERSONA
Nombre de persona Utrera, Cipriano de, Fray,
Fechas asociadas al nombre 1886-1958
Término indicativo de función/relación autor
9 (RLIN) 107645
245 10 - MENCIÓN DE TÍTULO
Título Historia militar de Santo Domingo :
Resto del título (documentos y noticias) /
Mención de responsabilidad, etc. Cipriano de Utrera
250 ## - MENCIÓN DE EDICIÓN
Mención de edición Segunda edición
260 ## - PUBLICACIÓN, DISTRIBUCIÓN, ETC.
Lugar de publicación, distribución, etc. Santo Domingo :
Nombre del editor, distribuidor, etc. Sociedad Dominicana de Bibliófilos, Inc. :
-- BanReservas,
Fecha de publicación, distribución, etc. 2014
300 ## - DESCRIPCIÓN FÍSICA
Extensión 3 volúmenes ;
Dimensiones 23 cm.
490 1# - MENCIÓN DE SERIE
Mención de serie Colección Bibliófilos-Banreservas ;
Designación de volumen o secuencia 10
500 ## - NOTA GENERAL
Nota general En biblioteca volumen 1.<br/>Primera edición, Ciudad Trujillo, D.S.D. República Dominicana, 1947; Segunda edición Bibliófilos-Banreservas, Santo Domingo, República Dominicana, 2014.
505 0# - NOTA DE CONTENIDO CON FORMATO
Nota de contenido con formato Palabras liminares |<br/>Exordio |<br/>Presentación |<br/>Advertencia |<br/>Introducción |<br/>Libro I. Capítulo preliminar. Gobernación de la isla en el siglo XVI |<br/>Capítulo I. Gobierno de don Bartolomé Colón |<br/>Capítulo II. Gobiernos de Fray Francisco de Bobadilla y Fray Nicolás de Ovando |<br/>Capítulo III. Gobiernos de Don Diego Colón y de los jueces de apelación |<br/>Capítulo IV. Gobiernos de los PP. Jerónimos y Alonso de Zuazo y de Rodrigo de Figueroa |<br/>Capítulo V. Gobiernos de la Real Audiencia y de Don Diego Colón |<br/>Capítulo VI, Gobierno de la Audiencia sin presidente (1523-1528) |<br/>Capítulo VII. Presidencias de Sebastián Ramírez (1528-1531) y de Alonso de Fuenmayor (1534-1543) |<br/>Capítulo VIII. Presidencia de Alonso de Fuenmayor (1534-1543) |<br/>Capítulo IX. Presidencia de Alonso de Fuenmayor (1534-1543) (continuación) |<br/>Capítulo X. Presidencia de Alonso de Fuenmayor (1534-1543) (continuación) |<br/>Capítulo XI. Presidencia de Alonso de Fuenmayor (1534-1543) (continuación) |<br/>Capítulo XII. Presidencia interina del licenciado Alonso López de Cerrato (1544-1548) |<br/>Capítulo XIII. Presidencia interina del oidor Alonso de Grajeda<br/>
651 #7 - PUNTO DE ACCESO ADICIONAL DE MATERIA--NOMBRE GEOGRÁFICO
Fuente del encabezamiento o término lemb
Nombre geográfico República Dominicana
Subdivisión general Historia militar
Subdivisión geográfica Siglo XVI
9 (RLIN) 197253
700 1# - PUNTO DE ACCESO ADICIONAL--NOMBRE DE PERSONA
Nombre de persona Armando, Juan Freddy,
Fechas asociadas al nombre 1951-
Término indicativo de función/relación coordinador
9 (RLIN) 145515
700 1# - PUNTO DE ACCESO ADICIONAL--NOMBRE DE PERSONA
Nombre de persona Mella, Mariano
Término indicativo de función/relación coordinador
9 (RLIN) 56191
700 1# - PUNTO DE ACCESO ADICIONAL--NOMBRE DE PERSONA
Nombre de persona Ramírez Paniagua, Enrique A.
Término indicativo de función/relación palabras liminares
9 (RLIN) 197254
700 1# - PUNTO DE ACCESO ADICIONAL--NOMBRE DE PERSONA
Nombre de persona Rodríguez Morel, Genaro
Término indicativo de función/relación presentación
942 ## - ELEMENTOS DE PUNTO DE ACCESO ADICIONAL (KOHA)
Fuente del sistema de clasificación o colocación Sistema de Clasificación Decimal Dewey
Tipo de ítem Koha Libro (general)
Existencias
Estado de retiro Estado de pérdida Fuente del sistema de clasificación o colocación No para préstamo Código de colección Localización permanente Fecha de adquisición Total de préstamos Signatura topográfica completa Código de barras Fecha visto por última vez Número de copia Precio válido a partir de Tipo de ítem Koha
  Disponible Sistema de Clasificación Decimal Dewey   General - Libros dominicanos Biblioteca Central UNIBE 11/07/2025   RD 355.0097293 U92h 250810 11/07/2025 Ej. 1 11/07/2025 Libro (general)